Khu trại trong thảo nguyên
Đã lưu trong:
| Tác giả chính: | |
|---|---|
| Tác giả khác: | |
| Định dạng: | Sách |
| Được phát hành: |
H.
Văn học
1978
|
| Những chủ đề: | |
| Các nhãn: |
Thêm thẻ
Không có thẻ, Là người đầu tiên thẻ bản ghi này!
|
| Thư viện lưu trữ: | Trung tâm Học liệu Lê Vũ Hùng, Trường Đại học Đồng Tháp |
|---|
| LEADER | 00771pam a22002418a 4500 | ||
|---|---|---|---|
| 001 | 00021196 | ||
| 005 | 20171026081025.0 | ||
| 008 | 110523s1978 ||||||Viesd | ||
| 041 | 0 | # | |a Vie |
| 082 | 1 | 4 | |a 891.73 |b KH500TR |
| 100 | 0 | # | |a Valentin, Kataep |
| 245 | 0 | 0 | |a Khu trại trong thảo nguyên |c Kataep Valentin; Anh Trúc dịch |
| 260 | # | # | |a H. |b Văn học |c 1978 |
| 300 | # | # | |a 430 tr. |c 19 cm. |
| 650 | # | 4 | |a Liên Xô |
| 650 | # | 4 | |a Văn học hiện đại |
| 653 | # | # | |a Tiểu thuyết |
| 700 | 0 | # | |a Anh Trúc |e dịch |
| 852 | # | # | |b Kho mượn |j KM.0010076 |
| 852 | # | # | |b Kho đọc |j KD.0007067 |
| 852 | # | # | |j KD.0007067 |j KM.0010076 |
| 910 | 0 | # | |a nhnam |d 23/05/2011 |
| 980 | # | # | |a Trung tâm Học liệu Lê Vũ Hùng, Trường Đại học Đồng Tháp |